000 00834nas a2200301 4500
001 BR0903374
003 BR-BrBNA
005 20231205113807.0
007 ta
008 230509b bl.|||p| |||| 00| 00por d
040 _aBR-BrBNA
_bpor
_cBiblioteca Nacional de Agricultura
041 _a(Pt)
072 _aF01
100 1 _aOliveira, Y. de
100 1 _aSilva, A.L. da
100 1 _aPinto, F.
100 1 _aQuoirin, M.
100 1 _aBiasi, L.A.
245 1 _aComprimento das estacas no enraizamento de melaleuca
650 _aPRODUÇÃO VEGETAL
650 _aPLANTA MEDICINAL
650 _aMELALEUCA
650 _aESTACA
650 _aENRAIZAMENTO
773 0 _tScientia Agraria (Brazil)
_xISSN 1519-1125
_g(2008), v. 9(3) p. 415-418
_wBR0903374
909 _a202311
_bLúcia
_c55
_dLúcia Elande
942 _2AGRIS
_n0
_cANA
999 _c205644
_d205644